Online
Catalog

Atrévete a disciplinar / (Record no. 18872)

MARC details
000 -CABECERA
campo de control de longitud fija 00820nam a2200241 a 4500
001 - NÚMERO DE CONTROL
campo de control 000019355
005 - FECHA Y HORA DE LA ÚLTIMA TRANSACCIÓN
campo de control 20250522113520.0
008 - DATOS DE LONGITUD FIJA--INFORMACIÓN GENERAL
campo de control de longitud fija 100625s1976 flu 000 0 spa d
020 ## - NÚMERO INTERNACIONAL ESTÁNDAR DEL LIBRO
Número Internacional Estándar del Libro 082970499x
040 ## - FUENTE DE LA CATALOGACIÓN
Centro catalogador/agencia de origen DO-SdBNP
Lengua de catalogación spa
Centro/agencia transcriptor BNPHU
041 17 - CÓDIGO DE LENGUA
Código de lengua del texto/banda sonora o título independiente spa
Código de lengua original eng
Fuente del código Código de idioma MARC
082 ## - NÚMERO DE LA CLASIFICACIÓN DECIMAL DEWEY
Número de clasificación 155.4
Número de documento/Ítem D635a
049 ## - FONDOS LOCALES (OCLC)
Fondos de biblioteca BNGR
100 1# - ENTRADA PRINCIPAL--NOMBRE DE PERSONA
Nombre de persona Dobson, James,
9 (RLIN) 41591
240 10 - TÍTULO UNIFORME
Título uniforme Dare to discipline.
Lenguaje de la obra Español.
245 10 - MENCIÓN DE TÍTULO
Título Atrévete a disciplinar /
Mención de responsabilidad, etc. James Dobson ; traducción de Edwin Sipowicz.
260 ## - PUBLICACIÓN, DISTRIBUCIÓN, ETC.
Lugar de publicación, distribución, etc. Deerfield, Florida ; :
Nombre del editor, distribuidor, etc. Vida,
Fecha de publicación, distribución, etc. 1976.
300 ## - DESCRIPCIÓN FÍSICA
Extensión 223 p. :
Otras características físicas il. ;
Dimensiones 18 cm.
534 ## - NOTA SOBRE LA VERSIÓN ORIGINAL
Frase introductoria Título original en inglés:
Mención de título del original Dare to discipline.
Publicación, distribución, etc. del original Tyndale House Publishing, 1970.
650 #0 - PUNTO DE ACCESO ADICIONAL DE MATERIA--TÉRMINO DE MATERIA
Término de materia o nombre geográfico como elemento de entrada Psicología infantil
9 (RLIN) 2718
650 #0 - PUNTO DE ACCESO ADICIONAL DE MATERIA--TÉRMINO DE MATERIA
Término de materia o nombre geográfico como elemento de entrada Desarrollo infantil
9 (RLIN) 2717
700 1# - PUNTO DE ACCESO ADICIONAL--NOMBRE DE PERSONA
Nombre de persona Sipowicz, Edwin,
Término indicativo de función/relación tr.
9 (RLIN) 41592
Holdings
Estado de retiro Estado de pérdida Restricciones de uso No para préstamo Código de colección Localización permanente Ubicación/localización actual Ubicación en estantería Fecha de adquisición Número de inventario Total de préstamos Signatura topográfica completa Código de barras Fecha visto por última vez Precio válido a partir de Tipo de ítem Koha
        Monografías: Libros y Folletos General General En catalogación 25.06.2010 LF1   155.4 D635a 19355-10 25.06.2020 25.06.2020 Préstamo en sala

Powered by Koha